[Event "ROM-ch U12 Boys"]
[Site "Voineasa"]
[Date "2008.04.16"]
[Round "7"]
[White "Bercaru, Remus Claudiu"]
[Black "Balacianu, Alexandru George"]
[Result "0-1"]
[WhiteElo "672"]
[BlackElo "1708"]
[PlyCount "22"]
[EventDate "2008.04.08"]
[EventType "swiss"]
[EventRounds "9"]
[EventCountry "ROU"]
[SourceTitle "EXT 2013"]
[Source "ChessBase"]
[SourceDate "2012.11.22"]
[SourceVersion "1"]
[SourceVersionDate "2012.11.22"]
[SourceQuality "1"]

1. e4 e5 2. Nf3 Nc6 3. Bc4 Bc5 4. b4 Bb6 5. b5 Nd4 6. Nxe5 Qg5 7. Ng4 d5 8. exd5 Bxg4 9. f3 Qh4+ 10. Kf1 Nf5 11. Qe2+ Nge7 0-1